• 首页
  • 本馆介绍
  • 公告通知
  • 最新文献
  • 馆藏检索
  • 电子资源
  • 读者导购
  • 参考咨询
  • 我的图书馆
  • 登录
  • 详细信息显示
  • 放入我的书架
  • 预约/预借图书
  • 作者相关作品
  • 分类相关作品
  • 丛书相关作品
  • 出版社相关作品

书目信息

  • 表格格式
  • 工作单格式
  • 卡片格式
题名:
教育救国论
    
 
作者: 张元济, 原著 ;侯且岸, 选编/导读/注释
分册:  
出版信息: 北京   高等教育出版社  2010
页数: 308页
开本: 17cm
丛书名: 传世经典随身读
单 册:
中图分类: G40-092.6
科图分类:
主题词:
电子资源:
ISBN: 978-7-04-029895-6
000 00963nam 2200277 450
001 012001003510
005 20131013133907.0
010    @a978-7-04-029895-6@dCNY25.60
099    @aCAL 012010189062
100    @a20100916d2010 em y0chiy50 ea
101 0  @achi
102    @aCN@b110000
105    @ay a 000yy
106    @ar
200 1  @a教育救国论@AJiao Yu Jiu Guo Lun@f原著张元济@g选编/导读/注释侯且岸
210    @a北京@c高等教育出版社@d2010
215    @a308页@d17cm
225 2  @a传世经典随身读@AChuan Shi Jing Dian Sui Shen Du
320    @a有书目
410  0 @12001@a传世经典随身读
600  0 @a张元济,@AZhang Yuan Ji@f1867-1959@x教育救国@x教育思想@x研究
690    @aG40-092.6@v4
701  0 @a张元济,@AZhang Yuanji@f1867-1959@4原著@3CAL n2004452292#@7jt0yjt0y@7ec0yec0y
702  0 @a侯且岸,@AHou Qiean@f1953-@4选编/导读/注释@3CAL n2004019342#@7jt0yjt0y@7ec0yec0y
801  2 @aCN@b江苏凤凰@c20191020
905    @b1233140-4@dG40-092.6@e1045@f5
    
    教育救国论/原著张元济/选编/导读/注释侯且岸.-北京:高等教育出版社,2010
    308页;17cm.-(传世经典随身读)
    
    
    ISBN 978-7-04-029895-6:CNY25.60
    
●
相关链接 在E读中查询图书 在五车中查询图书 在当当中查询图书 在豆瓣中查询图书


正题名:教育救国论     索取号:G40-092.6/1045         预约/预借

序号 登录号 条形码 馆藏地/架位号 状态 备注
1 1233140   212331403   第一样本阅览室/ [索取号:G40-092.6/1045] 在馆    
2 1233141   212331412   教育系资料室/ [索取号:G40-092.6/1045] 在馆    
3 1233142   212331421   教育系资料室/ [索取号:G40-092.6/1045] 在馆    
4 1233143   212331430   第四借阅区/ [索取号:G40-092.6/1045] 在馆    
5 1233144   212331449   第四借阅区/ [索取号:G40-092.6/1045] 在馆    
唐山师范学院图书馆 欢迎您!
大连网信软件有限公司© 版权所有